| 000 | 00000nam##2200000za#4500 |
| 001 | 9.616812 |
| 003 | CaOODSP |
| 005 | 20210615101807 |
| 007 | ta |
| 008 | 150406|2004||||xxc||||| f|0| 0 eng|d |
| 020 | |a0-662-36699-9 |
| 040 | |aCaOODSP|beng |
| 043 | |an-cn--- |
| 086 | 1 |aEn49-31/1-5E |
| 110 | 1 |aCanada. |bEnvironment Canada. |bEnvironmental Protection Service. |
| 245 | 10|aCode of practice for the environmental management of road salts |
| 260 | |aOttawa - Ontario : |bEnvironment Canada. |c2004. |
| 300 | |a18p. : |bgraph, illus. ; |c28 cm. |
| 490 | 1 |aEnvironmental Protection series. [Commercial chemicals] |vEPS 1/CC/5 |
| 500 | |aAt head of title: Canadian Environmental Protection Act, 1999 (CEPA 1999). |
| 520 | 3 |aThe objective of the Code of Practice is to ensure environmental protection while maintaining roadway safety. |
| 563 | |aSoftcover |
| 590 | |a04-19|b2004-05-07 |
| 775 | 08|tCode de pratique pour la gestion environnementale des sels de voirie |w(CaOODSP)9.626580 |
| 776 | 0#|tRoad salts : |w(CaOODSP)9.558851 |
| 830 | #0|aEnvironmental protection series. [Commercial chemicals]|vEPS 1/CC/5|w(CaOODSP)9.515201 |